000 00253nam a2200109Ia 4500
005 20251222154435.0
008 251222s9999||||xx |||||||||||||| ||spa||
020 _a84-86093-23-6
082 _a100/U61/1986
245 0 _aTemas Cou FilosofĂ­a
942 _cLIB
999 _c36591
_d36591